000
00324pab a2200145 454500
008
180718b1987 xxu||||| |||| 00| 0 eng d
100
_a
Balachandran, Geetha
245
_a
Hostels for working women
260
_c
1987
300
_a
7-10
362
_a
Feb.
650
_a
Women
773
_a
Social Welfare
909
_a
20731
999
_c
20731
_d
20731